| 000 | 00433nam a22001697a 4500 | ||
|---|---|---|---|
| 005 | 20210303144316.0 | ||
| 008 | Español | ||
| 041 | _aspa | ||
| 082 | _aTU 117 | ||
| 100 |
_aDurán Coto, Jacqueline Natalia _959824 |
||
| 245 | _aInforme de práctica supervisada realizada en Katt Travel | ||
| 260 | _c2019 | ||
| 300 | _a20 páginas | ||
| 650 |
_aCOSTA RICA _959825 |
||
| 650 |
_aAGENCIAS DE VIAJES KATT TRAVEL _959826 |
||
| 942 | _cIP | ||
| 999 |
_c12930 _d12930 |
||